علم اجتماع المسرح : (Record no. 14351)
[ view plain ]
| 000 -الفاتح | |
|---|---|
| حقل البيانات ثابتة الطول | 01535nam a2200337 i 4500 |
| 003 - محدد رقم الضبط | |
| رقم الضبط | EG-ScBUE |
| 005 - وقت وتاريخ اخر تعامل مع التسجيلة | |
| رقم الضبط | 20230403095926.0 |
| 008 - عناصر البيانات ثابتة الطول - معلومات عامة | |
| حقل البيانات ثابتة الطول | 100701s2005 ua f 000 0 eng d |
| 017 ## - رقم الإيداع القانونى | |
| رقم الإيداع القانونى | 2005 / 16255 |
| 020 ## - الرقم الدولى المعيارى للكتب | |
| الرقم الدولى المعيارى للكتاب | 9773058387 |
| 040 ## - مصدر الفهرسة | |
| وكالة الفهرسة الأصلية | EG-ScBUE |
| لغة الفهرسة | ara |
| قواعد الوصف | rda |
| وكالة النسخ | EG-ScBUE |
| وكالة التعديل | EG-ScBUE |
| 041 1# - رمز اللغة | |
| رمز لغة النص/ المسارات الصوتية أو العنوان الانفرادي | eng |
| رمز لغة الترجمات و/او الاصلية المتوسطة للنص | hun |
| 082 04 - رقم تصنيف ديوى العشرى | |
| رقم الطبعة | 22 |
| رقم التصنيف | 792.09 |
| رقم المادة | ج ي ر |
| 100 1# - المدخل الرئيسى - إسم شخصى | |
| 9 (RLIN) | 15763 |
| الإسم الشخصى | جيرج، سيكاي، |
| الدور | مؤلف. |
| 245 10 - بيان العنوان | |
| العنوان | علم اجتماع المسرح : |
| بقية العنوان | رسم تاريخي تخطيطي لعلم الاجتماع في فرع من فروع الفن - المسرحية / |
| بيان المسئوليه,etc | تأليف أ. د. سيكاي جيرج ؛ ترجمة أ. د. كمال الدين عيد ؛ مراجعة أ. د. عصام عبد العزيز. |
| 264 #1 - النشر، التوزيع | |
| مكان الناشر او الموزع | القاهرة : |
| اسم الناشر او الموزع | وزارة الثقافة, |
| تاريخ النشر أو التوزيع | [2005] |
| 300 ## - الوصف المادى | |
| التعداد | 2 مجلد ؛ |
| أبعاد الوعاء | 20 سم. |
| 336 ## - نوع المحتوى | |
| source | rdacontent |
| Carrier Type Term | نص |
| Content Type Code | txt |
| 337 ## - نوع الوسيط | |
| source | rdamedia |
| Media Type Term | بدون وسيط |
| Media Type Code | n |
| 338 ## - نوع الحامل أو الناقل | |
| source | rdacarrier |
| Carrier Type Term | مجلد |
| Carrier Type Code | nc |
| 490 0# - بيان السلسلة | |
| عنوان السلسلة | مهرجان القاهرة الدولي للمسرح التجريبي ؛ |
| رقم المجلد/ التعيين التسلسلي | 17 |
| 505 0# - تبصرة محتويات-الفهرس | |
| تبصرة المحتويات المصاغة | المجلد الأول -- المجلد الثاني. |
| 546 ## - تبصرة اللغة | |
| تبصرة اللغة | النص باللغة العربية وتم ترجمته من اللغة المجرية. |
| 650 #7 - المدخل الاضافى بالموضوع-مصطلح موضوعى | |
| 9 (RLIN) | 15764 |
| مصطلح موضوعي أو اسم جغرافي كعنصر مدخل | المسرح |
| التقسيم الفرعي العام | تاريخ. |
| مصدر الرأس أو المصطلح | BUEsh |
| 650 #7 - المدخل الاضافى بالموضوع-مصطلح موضوعى | |
| 9 (RLIN) | 15765 |
| مصطلح موضوعي أو اسم جغرافي كعنصر مدخل | المسرح |
| التقسيم الفرعي العام | آداب السلوك. |
| مصدر الرأس أو المصطلح | BUEsh |
| 653 ## - مصطلح تكشيفى غير مقيد | |
| Resource For college | Arts and Design |
| 655 ## - مصطلح تكشيفى-نوع/شكل | |
| التقسيم الفرعي الشكلي | Reading book |
| 700 1# - المدخل الاضافى - اسم شخصى | |
| 9 (RLIN) | 15766 |
| الإسم الشخصى | عيد، كمال الدين، |
| العنوان والكلمات الأخرى المصاحبة للاسم | مترجم. |
| 700 1# - المدخل الاضافى - اسم شخصى | |
| 9 (RLIN) | 15767 |
| الإسم الشخصى | عبد العزيز, عصام، |
| العنوان والكلمات الأخرى المصاحبة للاسم | مراجع. |
| 942 ## - عناصر المدخل الإضافي( كوها) | |
| مصدر التصنيف او مخطط الترفيف | Dewey Decimal Classification |
| Koha [default] item type | Book - Borrowing |
| حالة التراجع | حالة الفقد | مصدر التصنيف او خطة الترفيف | حالة تلف | ليس للاعارة | مجموعات كوها | المكان الدائم | المكان الحالي | موقع الترفيف | تاريخ الاكتساب | Source of acquisition | رقم الاستدعاء | الباركود | Date last seen | نوع الوعاء | تبصرة عامة |
|---|---|---|---|---|---|---|---|---|---|---|---|---|---|---|---|
| Dewey Decimal Classification | Alef-Baa | Central Library | Central Library | Second Floor | 01/07/2010 | Purchase | 792.09 ج ي ر | 000021319 | 15/07/2025 | Book - Borrowing | ج.1 | ||||
| Dewey Decimal Classification | Alef-Baa | Central Library | Central Library | Second Floor | 01/07/2010 | Purchase | 792.09 ج ي ر | 000021318 | 15/07/2025 | Book - Borrowing | ج.2 |